[Event "Milpitas"]
[Site "Milpitas"]
[Date "2023.07.18"]
[Round "9"]
[White "Qin, Vincent1111"]
[Black "Garcia, Jhoel"]
[Result "0-1"]
[WhiteElo "1949"]
[BlackElo "2364"]
[PlyCount "152"]
[EventDate "2023.07.14"]
[EventType "schev"]
[EventRounds "9"]
[EventCountry "USA"]
[SourceTitle "EXT 2024"]
[Source "ChessBase"]
[SourceDate "2023.10.10"]
[SourceVersion "1"]
[SourceVersionDate "2023.10.10"]
[SourceQuality "1"]

1. e4 c5 2. Nf3 d6 3. d4 cxd4 4. Nxd4 Nf6 5. Nc3 a6 6. Be3 Nbd7 7. f3 e6 8. Qd2 Qc7 9. 0-0-0 Be7 10. g4 Ne5 11. g5 Nfd7 12. f4 Nc4 13. Bxc4 Qxc4 14. f5 Ne5 15. Rhg1 Bd7 16. Bf4 0-0-0 17. Rg3 Kb8 18. Nf3 Nxf3 19. Rxf3 e5 20. Bg3 h6 21. f6 gxf6 22. gxf6 Bf8 23. Rd3 Bg4 24. Re1 Rc8 25. Bf2 h5 26. Be3 Be6 27. Rd1 Rg8 28. Rg1 Rg4 29. Rxg4 hxg4 30. Kb1 d5 31. Nxd5 Qxe4 32. Nb6 Qh1+ 33. Qd1 Qxd1+ 34. Rxd1 Re8 35. Nd7+ Kc7 36. Nxe5 Bd6 37. Bb6+ Kxb6 38. Rxd6+ Kc7 39. Rd1 Rh8 40. Rd2 g3 41. Nf3 Bg4 42. b3 Bxf3 43. hxg3 Rh6 44. Rd3 Rxf6 45. Kc1 Bc6 46. Re3 Rf3 47. Re1 Rxg3 48. Re7+ Kd6 49. Rxf7 Rg2 50. Rf4 Ke5 51. Rc4 Kd5 52. Kb2 Bb5 53. Rc3 Kd4 54. a4 Bc6 55. Rd3+ Ke5 56. Rc3 Bd5 57. Re3+ Be4 58. Rc3 Rg6 59. Rc5+ Kd4 60. Rc4+ Kd5 61. c3 Ke5 62. Rc5+ Kd6 63. Rc4 Bd5 64. Rd4 Ke5 65. Ka3 Rb6 66. b4 Rg6 67. b5 a5 68. Rh4 Rg3 69. Kb2 Rg2+ 70. Kb1 Rf2 71. Rh5+ Rf5 72. Rh4 Rf4 73. Rh5+ Kd6 74. Kb2 Rxa4 75. Rh7 Ra2+ 76. Kc1 Rc2+ 0-1

[Event "Milpitas"]
[Site "Milpitas"]
[Date "2023.07.17"]
[Round "7"]
[White "Sivakumar, Shaaketh"]
[Black "Garcia, Jhoel"]
[Result "0-1"]
[WhiteElo "2337"]
[BlackElo "2364"]
[PlyCount "58"]
[EventDate "2023.07.14"]
[EventType "schev"]
[EventRounds "9"]
[EventCountry "USA"]
[SourceTitle "EXT 2024"]
[Source "ChessBase"]
[SourceDate "2023.10.10"]
[SourceVersion "1"]
[SourceVersionDate "2023.10.10"]
[SourceQuality "1"]

1. e4 c5 2. Nf3 d6 3. d4 cxd4 4. Qxd4 Nf6 5. Bb5+ Bd7 6. c4 e6 7. Nc3 Be7 8. 0-0 Nc6 9. Qd3 Qc7 10. h3 a6 11. Bxc6 Bxc6 12. Be3 0-0 13. Rac1 Qa5 14. Nd4 Rfc8 15. a3 Rab8 16. b4 Qxa3 17. Ra1 Bxe4 18. Qd2 Qxb4 19. Nxe4 Qxc4 20. Ng3 Qd5 21. Rfd1 Qc4 22. Rdc1 Qd5 23. Rd1 Bf8 24. Qb2 Qe5 25. Re1 Rc4 26. Rad1 b5 27. Qa2 Ra8 28. Rd3 Qd5 29. Red1 Rxd4 0-1

[Event "Milpitas"]
[Site "Milpitas"]
[Date "2023.07.15"]
[Round "2"]
[White "Nathan, Nitish"]
[Black "Garcia, Jhoel"]
[Result "0-1"]
[WhiteElo "2179"]
[BlackElo "2364"]
[PlyCount "147"]
[EventDate "2023.07.14"]
[EventType "schev"]
[EventRounds "9"]
[EventCountry "USA"]
[SourceTitle "EXT 2024"]
[Source "ChessBase"]
[SourceDate "2023.10.10"]
[SourceVersion "1"]
[SourceVersionDate "2023.10.10"]
[SourceQuality "1"]

1. d4 e6 2. Bf4 Nf6 3. e3 Be7 4. Nd2 b6 5. h3 Bb7 6. Ngf3 d6 7. Bd3 Nbd7 8. Bh2 0-0 9. 0-0 Re8 10. c3 Bf8 11. e4 e5 12. Re1 a6 13. a4 Ra7 14. Qb1 Qa8 15. b4 g6 16. dxe5 Nxe5 17. Nxe5 dxe5 18. Nc4 Nd7 19. f3 Bg7 20. Kh1 Qd8 21. Bc2 Nf8 22. Bb3 Ra8 23. Qa2 Ne6 24. Nxe5 Qf6 25. Rad1 Re7 26. Rd3 Nf4 27. Bxf4 Qxf4 28. Nxf7 Rf8 29. e5 Rfxf7 30. Rd8+ Bf8 31. Bxf7+ Qxf7 32. e6 Qf5 33. Qc4 Kg7 34. Qd4+ Kg8 35. Qc4 b5 36. axb5 axb5 37. Qd4 Bc6 38. Qe3 Be8 39. Rd4 Qh5 40. Qe4 Qg5 41. Rd8 Qg3 42. Red1 Bh6 43. Qg4 Qxg4 44. hxg4 Rxe6 45. g3 Bf8 46. R8d3 Bd6 47. Kg2 Re2+ 48. Kh3 Bc6 49. Rg1 Rf2 50. f4 Bd7 51. Rg2 Bxg4+ 52. Kh2 Rf1 53. Rg1 Rxg1 54. Kxg1 Be6 55. Kf2 Kf7 56. Rd1 Kf6 57. Kf3 h5 58. Re1 Kf5 59. Ra1 Bd5+ 60. Kf2 Kg4 61. Rd1 Bc6 62. Rd4 Be7 63. Rd3 Bd6 64. Rd4 Be7 65. Rd3 h4 66. gxh4 Kxf4 67. Rd4+ Be4 68. h5 gxh5 69. Rd7 Bd6 70. Rf7+ Bf5 71. Rf6 h4 72. Kg2 h3+ 73. Kh1 Kg5 74. Rf7 0-1

[Event "Valencia Cuna op 3rd"]
[Site "Valencia"]
[Date "2022.07.12"]
[Round "3"]
[White "Camarena Gimenez, Rufino"]
[Black "Garcia, Jhoel"]
[Result "1-0"]
[WhiteElo "2298"]
[BlackElo "2385"]
[PlyCount "51"]
[EventDate "2022.07.11"]
[EventType "swiss"]
[EventRounds "9"]
[EventCountry "ESP"]
[SourceTitle "CBM 209 Extra"]
[Source "ChessBase"]
[SourceDate "2022.09.30"]
[SourceVersion "1"]
[SourceVersionDate "2022.09.30"]
[SourceQuality "1"]

1. d4 Nf6 2. c4 e6 3. Nf3 b6 4. a3 Bb7 5. Nc3 d5 6. cxd5 Nxd5 7. Qc2 Be7 8. e4 Nxc3 9. bxc3 0-0 10. Bd3 c5 11. 0-0 Qc7 12. Qe2 Nd7 13. e5 Qc6 14. Re1 Rfd8 15. h4 cxd4 16. cxd4 Qc3 17. Bg5 Bxg5 18. Bxh7+ Kf8 19. Nxg5 Qxd4 20. Qh5 Nxe5 21. Qxf7+ Nxf7 22. Nxe6+ Ke7 23. Nxd4+ Kd6 24. Rad1 Bd5 25. Ne6 Re8 26. Rxd5+ 1-0

[Event "Valencia Paterna Gp-A 2nd"]
[Site "Valencia"]
[Date "2021.10.18"]
[Round "2"]
[White "Garcia, Jhoel"]
[Black "Davtyan, David"]
[Result "0-1"]
[WhiteElo "2403"]
[BlackElo "2292"]
[PlyCount "72"]
[EventDate "2021.10.18"]
[EventType "tourn (rapid)"]
[EventRounds "7"]
[EventCountry "ESP"]
[EventCategory "5"]
[SourceTitle "CBM 204 Extra"]
[Source "ChessBase"]
[SourceDate "2021.11.30"]
[SourceVersion "1"]
[SourceVersionDate "2021.11.30"]
[SourceQuality "1"]

1. d4 Nf6 2. Nf3 e6 3. c4 c5 4. e3 d5 5. Nc3 Nc6 6. Be2 a6 7. cxd5 exd5 8. dxc5 Bxc5 9. 0-0 0-0 10. Qc2 Bd6 11. Rd1 Bg4 12. e4 Bxf3 13. Bxf3 d4 14. Nd5 Nxd5 15. exd5 Ne5 16. Be4 f5 17. Bd3 Qh4 18. f4 Ng4 19. g3 Qh5 20. Qg2 Nxh2 21. Be2 Ng4 22. Bd2 Rae8 23. Bxg4 Qxg4 24. Re1 d3 25. b4 Bb8 26. Re6 Ba7+ 27. Kf1 Rxe6 28. dxe6 Re8 29. Re1 h5 30. e7 h4 31. gxh4 Qxh4 32. Bc3 Rxe7 33. Qd5+ Rf7 34. Re8+ Kh7 35. Qg2 Qxf4+ 36. Qf2 Qxf2# 0-1

[Event "Montserrat"]
[Site "Montserrat"]
[Date "2021.09.05"]
[Round "9"]
[White "Garcia, Jhoel"]
[Black "Kovacevic, Slobodan"]
[Result "1-0"]
[WhiteElo "2352"]
[BlackElo "2225"]
[PlyCount "87"]
[EventDate "2021.08.27"]
[EventType "tourn"]
[EventRounds "9"]
[EventCountry "ESP"]
[EventCategory "2"]
[SourceTitle "CBM 204 Extra"]
[Source "ChessBase"]
[SourceDate "2021.11.30"]
[SourceVersion "1"]
[SourceVersionDate "2021.11.30"]
[SourceQuality "1"]

1. Nf3 Nf6 2. c4 c5 3. g3 b6 4. Bg2 Bb7 5. 0-0 e6 6. Nc3 d6 7. d4 cxd4 8. Qxd4 a6 9. Be3 Nbd7 10. Rfd1 Qc7 11. Rac1 Be7 12. Qd2 0-0 13. Bf4 Rfc8 14. Bxd6 Bxd6 15. Qxd6 Qxd6 16. Rxd6 Rxc4 17. Ne5 Rc7 18. Nxd7 Nxd7 19. Rcd1 Bxg2 20. Kxg2 Raa7 21. Rxb6 Kf8 22. Rbd6 Ne5 23. Na4 Rc2 24. R1d2 Rac7 25. b3 a5 26. f3 Ke7 27. Kf2 Rxa2 28. Rxe6+ fxe6 29. Rxa2 Rc1 30. Rd2 Nd7 31. h3 Rb1 32. Rd3 g5 33. Nc3 Rb2 34. Ne4 h6 35. Rc3 Ne5 36. Nc5 Ra2 37. Re3 Kd6 38. Ne4+ Ke7 39. Nxg5 Ng4+ 40. hxg4 hxg5 41. Re4 Ra3 42. Ra4 Rxb3 43. Rxa5 Kf6 44. f4 1-0

[Event "Montserrat"]
[Site "Montserrat"]
[Date "2021.09.04"]
[Round "8"]
[White "Sos Andreu, Eric"]
[Black "Garcia, Jhoel"]
[Result "1/2-1/2"]
[WhiteElo "2355"]
[BlackElo "2352"]
[PlyCount "42"]
[EventDate "2021.08.27"]
[EventType "tourn"]
[EventRounds "9"]
[EventCountry "ESP"]
[EventCategory "2"]
[SourceTitle "CBM 204 Extra"]
[Source "ChessBase"]
[SourceDate "2021.11.30"]
[SourceVersion "1"]
[SourceVersionDate "2021.11.30"]
[SourceQuality "1"]

1. d4 d5 2. c4 c6 3. Nf3 Nf6 4. e3 e6 5. Nbd2 Nbd7 6. Bd3 Be7 7. 0-0 b6 8. e4 dxe4 9. Nxe4 Bb7 10. Qe2 0-0 11. Bf4 Nxe4 12. Bxe4 Nf6 13. Bc2 c5 14. dxc5 bxc5 15. Rad1 Qb6 16. Be5 Qc6 17. Rfe1 Rad8 18. b3 Rxd1 19. Rxd1 Rd8 20. Bb2 Rxd1+ 21. Qxd1 Qd7 1/2-1/2

[Event "Montserrat"]
[Site "Montserrat"]
[Date "2021.08.28"]
[Round "3"]
[White "Gavarrete, Nahun"]
[Black "Garcia, Jhoel"]
[Result "0-1"]
[WhiteElo "2325"]
[BlackElo "2352"]
[PlyCount "64"]
[EventDate "2021.08.27"]
[EventType "tourn"]
[EventRounds "9"]
[EventCountry "ESP"]
[EventCategory "2"]
[SourceTitle "CBM 204 Extra"]
[Source "ChessBase"]
[SourceDate "2021.11.30"]
[SourceVersion "1"]
[SourceVersionDate "2021.11.30"]
[SourceQuality "1"]

1. c4 e6 2. Nf3 d5 3. e3 Nf6 4. Nc3 c6 5. b3 Bd6 6. Bb2 Nbd7 7. d4 Qe7 8. a3 0-0 9. Bd3 e5 10. dxe5 Nxe5 11. Nxe5 Qxe5 12. Qc2 dxc4 13. Bxc4 Bf5 14. Qe2 Qe7 15. Bd3 Bxd3 16. Qxd3 Rfd8 17. Qc4 Be5 18. Rd1 b5 19. Rxd8+ Qxd8 20. Qe2 Qa5 21. Qc2 b4 22. axb4 Qxb4 23. f4 Bc7 24. Kf2 Rb8 25. Na4 Ng4+ 26. Kf3 Nxe3 27. Kxe3 Qxf4+ 28. Ke2 Re8+ 29. Kd1 Rd8+ 30. Ke1 Qe3+ 31. Qe2 Qxb3 32. Qg4 Ba5+ 0-1

[Event "Mislata op 54th"]
[Site "Mislata"]
[Date "2021.08.22"]
[Round "9"]
[White "Rubio Tent, Francisco"]
[Black "Garcia, Jhoel"]
[Result "1/2-1/2"]
[WhiteElo "2331"]
[BlackElo "2352"]
[PlyCount "48"]
[EventDate "2021.08.16"]
[EventType "swiss"]
[EventRounds "9"]
[EventCountry "ESP"]
[SourceTitle "CBM 203 Extra"]
[Source "ChessBase"]
[SourceDate "2021.09.30"]
[SourceVersion "1"]
[SourceVersionDate "2021.09.30"]
[SourceQuality "1"]

1. d4 d5 2. Nf3 Nf6 3. c4 c6 4. cxd5 cxd5 5. Nc3 Nc6 6. Bf4 a6 7. Rc1 Bg4 8. e3 e6 9. Qb3 Bxf3 10. gxf3 Bd6 11. Bg3 0-0 12. Bd3 Qe7 13. Bxd6 Qxd6 14. Qa3 Qb4 15. Qxb4 Nxb4 16. Bb1 Rac8 17. Kd2 Nd7 18. a3 Nc6 19. Na4 Na7 20. Rxc8 Rxc8 21. Rc1 Rxc1 22. Kxc1 h6 23. f4 g6 24. b4 Kf8 1/2-1/2

[Event "Mislata op 54th"]
[Site "Mislata"]
[Date "2021.08.17"]
[Round "3"]
[White "Luque Saiz, Javier"]
[Black "Garcia, Jhoel"]
[Result "0-1"]
[WhiteElo "1945"]
[BlackElo "2352"]
[PlyCount "52"]
[EventDate "2021.08.16"]
[EventType "swiss"]
[EventRounds "9"]
[EventCountry "ESP"]
[SourceTitle "CBM 203 Extra"]
[Source "ChessBase"]
[SourceDate "2021.09.30"]
[SourceVersion "1"]
[SourceVersionDate "2021.09.30"]
[SourceQuality "1"]

1. e4 c5 2. Nf3 d6 3. Bb5+ Nd7 4. a4 a6 5. Be2 Ngf6 6. Nc3 e6 7. 0-0 Be7 8. Re1 Qc7 9. d4 cxd4 10. Nxd4 b6 11. Be3 Bb7 12. f3 0-0 13. Bf1 d5 14. exd5 Nxd5 15. Nxd5 Bxd5 16. Qd2 Bd6 17. h3 Nf6 18. c4 Bb7 19. a5 bxa5 20. Rxa5 Rfd8 21. Qc3 Be5 22. Rea1 Rd7 23. Nb5 Qb8 24. Qa3 Nh5 25. Ba7 Rxa7 26. Nxa7 Bc7 0-1

[Event "ESP-chT CECLUB Div2"]
[Site "Linares"]
[Date "2021.08.09"]
[Round "1.2"]
[White "Alvarado Diaz, Alejandro"]
[Black "Garcia, Jhoel"]
[Result "1-0"]
[WhiteElo "2397"]
[BlackElo "2352"]
[PlyCount "81"]
[EventDate "2021.08.09"]
[EventType "team-swiss"]
[EventRounds "7"]
[EventCountry "ESP"]
[SourceTitle "CBM 203 Extra"]
[Source "ChessBase"]
[SourceDate "2021.09.30"]
[SourceVersion "1"]
[SourceVersionDate "2021.09.30"]
[SourceQuality "1"]
[WhiteTeam "Llinars Escacs"]
[BlackTeam "Silla Bosch Serinsys II"]
[WhiteTeamCountry "ESP"]
[BlackTeamCountry "ESP"]

1. c4 c5 2. Nc3 Nc6 3. g3 g6 4. Bg2 Bg7 5. b3 e6 6. Ba3 d6 7. e3 Nge7 8. Nge2 e5 9. 0-0 0-0 10. d3 a6 11. Bb2 Rb8 12. Qd2 Be6 13. Nd5 b5 14. Rac1 Qd7 15. f4 f6 16. Nec3 f5 17. Rfd1 Bf7 18. Qf2 h6 19. Rd2 Kh7 20. Nxe7 Nxe7 21. Ne2 Nc6 22. fxe5 Nxe5 23. Bxe5 Bxe5 24. cxb5 axb5 25. d4 cxd4 26. Nxd4 b4 27. Rcd1 Rb6 28. e4 fxe4 29. Bxe4 d5 30. Nf3 Bb8 31. Bxd5 Rd6 32. Bxf7 Ba7 33. Bxg6+ Kg7 34. Rxd6 Bxf2+ 35. Kxf2 Qa7+ 36. Kg2 Qxa2+ 37. R1d2 Qa1 38. Be4 Qc1 39. Rg6+ Kh8 40. Rxh6+ Kg7 41. Rd7+ 1-0

[Event "Valencia-chT Division Honor"]
[Site "Valencia"]
[Date "2021.07.04"]
[Round "3.5"]
[White "Garcia, Jhoel"]
[Black "Silva Rodriguez, Fernando"]
[Result "1-0"]
[WhiteElo "2339"]
[BlackElo "2236"]
[PlyCount "161"]
[EventDate "2021.07.03"]
[EventType "team-tourn"]
[EventRounds "3"]
[EventCountry "ESP"]
[SourceTitle "CBM 203 Extra"]
[Source "ChessBase"]
[SourceDate "2021.09.30"]
[SourceVersion "1"]
[SourceVersionDate "2021.09.30"]
[SourceQuality "1"]
[WhiteTeam "Silla Bosch Serinsys"]
[BlackTeam "Manises Eva"]
[WhiteTeamCountry "ESP"]
[BlackTeamCountry "ESP"]

1. e4 c6 2. d4 d5 3. Nc3 dxe4 4. Nxe4 Nf6 5. Nxf6+ exf6 6. c3 Bd6 7. Bd3 0-0 8. Ne2 Re8 9. Be3 Nd7 10. Qc2 Nf8 11. 0-0-0 Be6 12. Kb1 b5 13. c4 Rc8 14. Nc1 bxc4 15. Bxc4 Bd5 16. Bxd5 cxd5 17. Qa4 Qe7 18. Nd3 Rc4 19. Qa6 Rb8 20. Ka1 Rb6 21. Qa5 Qb7 22. Qd2 Ra6 23. Kb1 Ne6 24. Nc1 Nc7 25. Bf4 Bf8 26. Nb3 Ne6 27. Be3 Rca4 28. Nc1 Rc4 29. Qe2 f5 30. g3 Rb6 31. Rd3 a5 32. Nb3 Rcb4 33. Bc1 R6b5 34. Bd2 Rc4 35. Bxa5 Qa6 36. Bc3 Ra4 37. Nc1 Rb7 38. b3 Ba3 39. Re3 Qb6 40. Nd3 Nxd4 41. Re8+ Bf8 42. Qb2 Qb5 43. Re3 Nc6 44. bxa4 Qa6 45. Nb4 Nxb4 46. Bxb4 Rxb4 47. Rb3 Rxa4 48. Rc1 h6 49. Rb8 Qd3+ 50. Ka1 Rc4 51. Rxc4 dxc4 52. a3 Qd1+ 53. Ka2 Qd5 54. Qc3 Qc5 55. Rb2 Be7 56. Rc2 Kh7 57. a4 Kg6 58. h4 Qd6 59. Qxc4 Qa3+ 60. Kb1 Bf6 61. Ra2 Qf3 62. Rd2 Qa3 63. Kc2 Qa1 64. Qb3 Qe5 65. Kd1 Qe4 66. a5 Qh1+ 67. Ke2 Qe4+ 68. Qe3 Qc4+ 69. Rd3 Qa2+ 70. Qd2 Qe6+ 71. Kf1 Qc6 72. Kg1 Be5 73. h5+ Kf6 74. Rd5 Qa4 75. Qd1 Qa3 76. Kg2 g5 77. Qd3 Qa4 78. a6 Qc6 79. Kh2 f4 80. g4 Ke6 81. a7 1-0

[Event "Valencia Bressol"]
[Site "Alfafar"]
[Date "2020.07.28"]
[Round "8"]
[White "Strikovic, Aleksa"]
[Black "Garcia, Jhoel"]
[Result "1/2-1/2"]
[WhiteElo "2466"]
[BlackElo "2303"]
[PlyCount "60"]
[EventDate "2020.07.21"]
[EventType "tourn"]
[EventRounds "9"]
[EventCountry "ESP"]
[EventCategory "8"]
[SourceTitle "CBM 197 Extra"]
[Source "ChessBase"]
[SourceDate "2020.09.30"]
[SourceVersion "1"]
[SourceVersionDate "2020.09.30"]
[SourceQuality "1"]

1. c4 c5 2. Nc3 Nc6 3. g3 g6 4. Bg2 Bg7 5. e3 e6 6. Nge2 Nf6 7. 0-0 0-0 8. d4 cxd4 9. Nxd4 d5 10. cxd5 Nxd4 11. exd4 Nxd5 12. Nxd5 exd5 13. Be3 Be6 14. Qb3 Qb6 15. Qxb6 axb6 16. Rfc1 Rfc8 17. a3 Kf8 18. Kf1 Rc6 19. Ke2 Ke7 20. Kd2 Rac8 21. Rxc6 bxc6 22. Rc1 b5 23. h4 h5 24. Bf1 Kd7 25. Bd3 Bf6 26. Be2 Bf5 27. Bf1 Be6 28. Be2 Bf5 29. Bf1 Be6 30. Be2 Bf5 1/2-1/2

[Event "Valencia Bressol"]
[Site "Alfafar"]
[Date "2020.07.22"]
[Round "2"]
[White "Garcia, Jhoel"]
[Black "Cruz Lledo, Pablo"]
[Result "1-0"]
[WhiteElo "2303"]
[BlackElo "2470"]
[PlyCount "91"]
[EventDate "2020.07.21"]
[EventType "tourn"]
[EventRounds "9"]
[EventCountry "ESP"]
[EventCategory "8"]
[SourceTitle "CBM 197 Extra"]
[Source "ChessBase"]
[SourceDate "2020.09.30"]
[SourceVersion "1"]
[SourceVersionDate "2020.09.30"]
[SourceQuality "1"]

1. e4 g6 2. d4 Bg7 3. Nc3 c6 4. Nf3 d6 5. h3 Nf6 6. Be3 0-0 7. Qd2 b5 8. Bd3 Nbd7 9. e5 Ne8 10. 0-0-0 dxe5 11. Be4 b4 12. Na4 Qc7 13. Qxb4 exd4 14. Nxd4 Rb8 15. Qxe7 c5 16. Nc6 Bf6 17. Rxd7 Bxd7 18. Qxc5 Bxc6 19. Qxc6 Qe5 20. f4 Qd6 21. Rd1 Qxc6 22. Bxc6 Nc7 23. Bxa7 Rbd8 24. Rxd8 Rxd8 25. b4 Ne6 26. Bb6 Rd6 27. Bf3 Bd4 28. Bxd4 Rxd4 29. c3 Rxf4 30. Nb6 Nc7 31. a4 Kf8 32. Nd5 Rxf3 33. gxf3 Nxd5 34. Kb2 Ke7 35. Kb3 Nf4 36. a5 Kd7 37. a6 Kc7 38. b5 Nxh3 39. c4 Nf4 40. c5 Ne6 41. Kc4 Kb8 42. b6 Nd8 43. Kd5 h5 44. c6 Ne6 45. a7+ Ka8 46. c7 1-0

[Event "Iberoamerican-ch 7th"]
[Site "Linares"]
[Date "2019.08.16"]
[Round "7"]
[White "Garcia, Jhoel"]
[Black "Gines Esteo, Pedro Antonio"]
[Result "0-1"]
[WhiteElo "2290"]
[BlackElo "2417"]
[PlyCount "144"]
[EventDate "2019.08.10"]
[EventType "swiss"]
[EventRounds "9"]
[EventCountry "ESP"]
[SourceTitle "CBM 191 Extra"]
[Source "ChessBase"]
[SourceDate "2019.09.30"]
[SourceVersion "1"]
[SourceVersionDate "2019.09.30"]
[SourceQuality "1"]

1. e4 c6 2. Nf3 d5 3. Nc3 Bg4 4. h3 Bxf3 5. Qxf3 e6 6. d4 dxe4 7. Qxe4 Nf6 8. Qh4 Nbd7 9. Qg3 Nb6 10. Be3 Qd6 11. Qxd6 Bxd6 12. 0-0-0 Bb4 13. Bd2 0-0-0 14. a3 Be7 15. Be3 h5 16. Bd3 h4 17. Ne2 Nfd5 18. Bd2 Rh5 19. c4 Nc7 20. Kc2 Bf6 21. Be3 Bg5 22. f4 Bf6 23. Rhf1 g6 24. b4 Kb8 25. Nc3 Rhh8 26. Be2 Bg7 27. Ne4 Nc8 28. a4 Ne7 29. Bf2 Nf5 30. Kc3 b5 31. Bg4 bxc4 32. Kxc4 Nd5 33. Bxf5 gxf5 34. Nc5 Nxf4 35. Bg1 Nd5 36. b5 cxb5+ 37. axb5 Nb6+ 38. Kb4 Nd5+ 39. Kc4 Bf8 40. Ra1 Rg8 41. Ra2 Rg3 42. Rf3 Nb6+ 43. Kb4 Nd5+ 44. Kc4 Bd6 45. Bh2 Rxf3 46. Bxd6+ Rxd6 47. gxf3 Nb6+ 48. Kc3 Nd5+ 49. Kc4 Rd8 50. Ra1 Nb6+ 51. Kc3 Nd5+ 52. Kc4 Rg8 53. Nd7+ Kb7 54. Nc5+ Ka8 55. Nd7 Rc8+ 56. Nc5 Nb6+ 57. Kb4 Rd8 58. Nb3 Nd5+ 59. Kc4 f4 60. Rg1 Ne3+ 61. Kb4 Nf5 62. Rg4 Nxd4 63. Nxd4 Rxd4+ 64. Kc5 e5 65. Rg7 Rd3 66. Rxf7 Rxf3 67. Kc6 Rc3+ 68. Kd6 Rxh3 69. Kxe5 Rb3 70. Rxf4 Rxb5+ 71. Kd6 Rh5 72. Kc6 Rh8 0-1

[Event "Sueca op 4th"]
[Site "Sueca"]
[Date "2018.07.26"]
[Round "4"]
[White "Torres Sanchez, Jose"]
[Black "Garcia, Jhoel"]
[Result "1-0"]
[WhiteElo "2357"]
[BlackElo "2277"]
[PlyCount "55"]
[EventDate "2018.07.23"]
[EventType "swiss"]
[EventRounds "8"]
[EventCountry "ESP"]
[SourceTitle "CBM 185 Extra"]
[Source "ChessBase"]
[SourceDate "2018.07.29"]
[SourceVersion "1"]
[SourceVersionDate "2018.07.29"]
[SourceQuality "1"]

1. e4 c5 2. Nf3 d6 3. d4 cxd4 4. Nxd4 Nf6 5. Nc3 g6 6. Be3 a6 7. Be2 Bg7 8. g4 d5 9. e5 Ne4 10. Nxe4 dxe4 11. e6 fxe6 12. Bc4 Qd6 13. Nxe6 Bxb2 14. Qxd6 exd6 15. Rd1 Bc3+ 16. Kf1 Kd7 17. Kg2 Re8 18. Nf4 b5 19. Bf7 Rf8 20. Bd5 Nc6 21. Be6+ Ke8 22. Rxd6 Nd8 23. Bxc8 Be5 24. Rxd8+ Kxd8 25. Ne6+ Ke7 26. Bc5+ Kf7 27. Ng5+ Ke8 28. Bb7 1-0

[Event "Mislata op 50th"]
[Site "Mislata"]
[Date "2016.08.09"]
[Round "3"]
[White "Garcia, Jhoel"]
[Black "Sanchez Saez, Francisco"]
[Result "1-0"]
[WhiteElo "2293"]
[BlackElo "2247"]
[PlyCount "67"]
[EventDate "2016.08.08"]
[EventType "swiss"]
[EventRounds "9"]
[EventCountry "ESP"]
[SourceTitle "CBM 173 Extra"]
[Source "ChessBase"]
[SourceDate "2016.08.29"]
[SourceVersion "1"]
[SourceVersionDate "2016.08.29"]
[SourceQuality "1"]

1. Nf3 g6 2. g3 Bg7 3. Bg2 Nf6 4. d4 0-0 5. c4 d6 6. 0-0 Nc6 7. Nc3 a6 8. h3 Bd7 9. e4 e5 10. dxe5 dxe5 11. Bg5 h6 12. Be3 Qc8 13. g4 Rd8 14. Nd5 Nxe4 15. Nxe5 Bxe5 16. Bxe4 Bg7 17. Qf3 Re8 18. Nf6+ Bxf6 19. Qxf6 Qd8 20. Qf4 g5 21. Qf3 Ne5 22. Qg2 Bc6 23. Bxc6 Nxc6 24. Rae1 Qd3 25. h4 Ne5 26. b3 Rad8 27. Kh1 f6 28. Qg3 Kg7 29. Kh2 Qe4 30. f4 gxf4 31. Rxf4 Qc2+ 32. Rf2 Qg6 33. Rg2 Qe4 34. Bxh6+ 1-0

[Event "La Roda op 43rd"]
[Site "La Roda"]
[Date "2016.03.25"]
[Round "4"]
[White "Garcia, Jhoel"]
[Black "Greenfeld, Alon"]
[Result "0-1"]
[WhiteElo "2342"]
[BlackElo "2537"]
[PlyCount "71"]
[EventDate "2016.03.23"]
[EventType "swiss"]
[EventRounds "9"]
[EventCountry "ESP"]
[SourceTitle "CBM 171 Extra"]
[Source "ChessBase"]
[SourceDate "2016.04.26"]
[SourceVersion "1"]
[SourceVersionDate "2016.04.26"]
[SourceQuality "1"]

1. e4 c5 2. Nf3 d6 3. d4 cxd4 4. Nxd4 Nf6 5. Nc3 Nc6 6. Bg5 e6 7. Qd2 Be7 8. 0-0-0 a6 9. f4 Bd7 10. Nf3 b5 11. e5 b4 12. exf6 bxc3 13. Qxc3 gxf6 14. Bh4 d5 15. Nd4 Rc8 16. Nxc6 Rxc6 17. Qd4 Rg8 18. Kb1 Rg6 19. f5 exf5 20. Bd3 Rg4 21. Qf2 Bc5 22. Qe1+ Re6 23. Qf1 Rxh4 24. Bxf5 Re5 25. Bxd7+ Kxd7 26. Qxa6 Ke7 27. g3 Rhe4 28. Rhf1 Qb6 29. Qd3 Rd4 30. Qf3 Kf8 31. h4 Re3 32. Qh5 Ba3 33. b3 Kg7 34. Qf5 Rxd1+ 35. Rxd1 Qd4 36. Qf2 0-1

[Event "Alcossebre"]
[Site "Alcossebre"]
[Date "2015.12.19"]
[Round "8"]
[White "Garcia, Jhoel"]
[Black "Diaz Velandia, Jose Manuel"]
[Result "1/2-1/2"]
[WhiteElo "2360"]
[BlackElo "2308"]
[PlyCount "24"]
[EventDate "2015.12.16"]
[EventType "tourn"]
[EventRounds "9"]
[EventCountry "ESP"]
[EventCategory "3"]
[SourceTitle "EXT 2017"]
[Source "ChessBase"]
[SourceDate "2016.10.25"]
[SourceVersion "1"]
[SourceVersionDate "2016.10.25"]
[SourceQuality "1"]

1. e4 e6 2. Nc3 d5 3. Nf3 dxe4 4. Nxe4 Nf6 5. Nxf6+ Qxf6 6. d4 h6 7. c3 b6 8. Be2 Bd6 9. Be3 Bb7 10. Qd2 Nd7 11. 0-0-0 0-0-0 12. h3 Qg6 1/2-1/2

[Event "Alcossebre"]
[Site "Alcossebre"]
[Date "2015.12.18"]
[Round "6"]
[White "Garcia, Jhoel"]
[Black "Gimenez Menchon, Cesar"]
[Result "0-1"]
[WhiteElo "2360"]
[BlackElo "2117"]
[PlyCount "72"]
[EventDate "2015.12.16"]
[EventType "tourn"]
[EventRounds "9"]
[EventCountry "ESP"]
[EventCategory "3"]
[SourceTitle "EXT 2017"]
[Source "ChessBase"]
[SourceDate "2016.10.25"]
[SourceVersion "1"]
[SourceVersionDate "2016.10.25"]
[SourceQuality "1"]

1. c4 e5 2. Nc3 Nc6 3. g3 f5 4. Bg2 Nf6 5. e3 d5 6. cxd5 Nb4 7. d3 Nbxd5 8. a3 Nxc3 9. bxc3 e4 10. d4 c6 11. c4 Bd6 12. Nh3 Be6 13. Qc2 0-0 14. 0-0 Kh8 15. Rb1 b5 16. d5 cxd5 17. cxb5 Qa5 18. Nf4 Bxf4 19. gxf4 d4 20. Bd2 Qb6 21. Qa4 d3 22. Ba5 Qb7 23. Qd4 Qd5 24. Qb4 Rfc8 25. Rbc1 Qa2 26. Rc6 Bd7 27. Ra6 Nd5 28. Qd4 Bxb5 29. Rd6 Bc4 30. Rc1 Qxa3 31. Rxc4 Qxd6 32. Qxa7 h6 33. Rxc8+ Rxc8 34. Qf7 Rc1+ 35. Bf1 Ne7 36. Bd2 Rd1 0-1

[Event "Sueca op 1st"]
[Site "Sueca"]
[Date "2015.08.02"]
[Round "8"]
[White "Cruz Lledo, Pablo"]
[Black "Garcia, Jhoel"]
[Result "1/2-1/2"]
[WhiteElo "2299"]
[BlackElo "2336"]
[PlyCount "48"]
[EventDate "2015.07.27"]
[EventType "swiss"]
[EventRounds "8"]
[EventCountry "ESP"]
[SourceTitle "EXT 2016"]
[Source "ChessBase"]
[SourceDate "2015.10.08"]
[SourceVersion "1"]
[SourceVersionDate "2015.10.08"]
[SourceQuality "1"]

1. d4 Nf6 2. c4 e6 3. Nc3 Bb4 4. Nf3 d5 5. Bg5 c5 6. cxd5 Qxd5 7. Bxf6 gxf6 8. a3 Bxc3+ 9. bxc3 cxd4 10. cxd4 Nc6 11. e3 Bd7 12. Be2 Rg8 13. 0-0 Na5 14. Rc1 b6 15. Ne1 Rd8 16. Qc2 Ke7 17. Qxh7 Nb3 18. Rc2 Rc8 19. Bc4 Qd6 20. Qd3 Na5 21. Ba6 Rxc2 22. Nxc2 b5 23. Nb4 Nc6 24. Bb7 Nxb4 1/2-1/2